000 00710nam a2200217 a 4500
001 000037702
005 20240530073921.0
008 121115s2012 dr 001 f spa d
020 _a9789945489163
040 _aDO-SdBNP
_bspa
_cBNPHU
082 _aRD863.44
_bP833f
100 1 _aPorcella de Brea, Leonor
_926339
245 1 0 _aFuego alto :
_bnovela /
_cLeonor Porcella de Brea.
260 _aSanto Domingo :
_bSantuario,
_c2012.
300 _a447 p. ;
_c23 cm.
500 _aIncluye datos biográficos de la autora en la solapa de la cubierta.
590 _aInventariado, 2020/MFF
650 0 _aNovela dominicana
_9223
650 0 _aLiteratura dominicana.
_967
910 _aValidado. Control de calidad EMS
999 _c37192
_d37192